5HLuxD.jpg

KING HENRY VIII SENIOR AND PRIMARY SCHOOL LIBRARY OPAC

The worst of times : (Record no. 488)

000 -LEADER
fixed length control field 00847cam a2200253 a 4500
001 - CONTROL NUMBER
control field 488998
003 - CONTROL NUMBER IDENTIFIER
control field OSt
005 - DATE AND TIME OF LATEST TRANSACTION
control field 20190816113809.0
008 - FIXED-LENGTH DATA ELEMENTS--GENERAL INFORMATION
fixed length control field 160923s2015 njuab b 001 0 eng
010 ## - LIBRARY OF CONGRESS CONTROL NUMBER
LC control number 2015005727
020 ## - INTERNATIONAL STANDARD BOOK NUMBER
International Standard Book Number 9780691176024
040 ## - CATALOGING SOURCE
Original cataloging agency DLC
Language of cataloging eng
Transcribing agency DLC
Modifying agency TMUE
Description conventions aacr
042 ## - AUTHENTICATION CODE
Authentication code nbic
082 0# - DEWEY DECIMAL CLASSIFICATION NUMBER
Classification number 576.84 WIG
100 1# - MAIN ENTRY--PERSONAL NAME
Personal name Wignall, P. B.
Relator term author
245 14 - TITLE STATEMENT
Title The worst of times :
Remainder of title how life on earth survived eighty million years of extinctions /
Statement of responsibility, etc. Paul B. Wignall.
260 ## - PUBLICATION, DISTRIBUTION, ETC.
Place of publication, distribution, etc. Princeton, New Jersey :
Name of publisher, distributor, etc. Princeton University Press,
Date of publication, distribution, etc. c2015.
300 ## - PHYSICAL DESCRIPTION
Extent xvii, 199 p., 16 p. of plates :
Other physical details ill. (some col.), maps (some col.) ;
Dimensions 23 cm.
504 ## - BIBLIOGRAPHY, ETC. NOTE
Bibliography, etc. note Includes bibliographical references (p. [179]-189) and index.
650 #0 - SUBJECT ADDED ENTRY--TOPICAL TERM
Topical term or geographic name entry element Mass extinctions.
650 #0 - SUBJECT ADDED ENTRY--TOPICAL TERM
Topical term or geographic name entry element Extinction (Biology)
650 #0 - SUBJECT ADDED ENTRY--TOPICAL TERM
Topical term or geographic name entry element Survival.
942 ## - ADDED ENTRY ELEMENTS (KOHA)
Source of classification or shelving scheme
Koha item type Books - Non Ficton
Holdings
Withdrawn status Lost status Source of classification or shelving scheme Damaged status Not for loan Collection code Permanent Location Current Location Shelving location Date acquired Full call number Barcode Date last seen Price effective from Koha item type
          Non-Fiction KH8 Senior School Library KH8 Senior School Library Non Fiction 2019-08-16 576.84 WIG 3KHSL000100336 2025-12-12 2019-08-16 Books - Non Ficton

Powered By KH8 IT Dept